MARC details
| 000 -LEADER |
| campo de control de longitud fija |
01875nam a22003371i 4500 |
| 001 - NÚMERO DE CONTROL |
| campo de control |
157184 |
| 003 - IDENTIFICADOR DE NÚMERO DE CONTROL |
| campo de control |
ES-MaACL |
| 005 - FECHA Y HORA DE LA ÚLTIMA TRANSACCIÓN |
| campo de control |
20250928104140.0 |
| 008 - DATOS DE LONGITUD FIJA--INFORMACIÓN GENERAL |
| campo de control de longitud fija |
931025s1645 sp a |||| | spa d |
| 040 ## - FUENTE DE CATALOGACIÓN |
| Centro catalogador/agencia de origen |
AN |
| Lengua de catalogación |
spa |
| Centro/agencia transcriptor |
CCPB |
| 080 ## - NÚMERO DE LA CLASIFICACIÓN DECIMAL UNIVERSAL |
| Número de la Clasificación Decimal Universal |
737.1(460) |
| 100 1# - ENTRADA PRINCIPAL--NOMBRE DE PERSONA |
| Nombre de persona |
Lastanosa, Vicente Juan de. |
| 9 (RLIN) |
70488 |
| Término indicativo de función/relación |
Autor |
| 245 10 - MENCIÓN DEL TÍTULO |
| Título |
Museo de las medallas desconocidas españolas / |
| Mención de responsabilidad, etc. |
publicalo don Vicencio Iuan de Lastanosa... ; ilustrado con tres Discursos del Padre Paulo de Rojas de la Compañia de Iesus, del Doctor don Francisco Ximenez de Vrrea ... , i del doctor Iuan Francisco Andres de Vztarroz. |
| 260 ## - PUBLICACIÓN, DISTRIBUCIÓN, ETC. |
| Lugar de publicación, distribución, etc. |
Impresso en Huesca : |
| Nombre del editor, distribuidor, etc. |
por Iuan Nogues, |
| Fecha de publicación, distribución, etc. |
1645. |
| 300 ## - DESCRIPCIÓN FÍSICA |
| Extensión |
[28], 1-20 p., 21-52 h., p. 53-221, 222-224 h., [14] p. : |
| Otras características físicas |
il. ; |
| Dimensiones |
4º. |
| 530 ## - NOTA DISPONIBLE DE FORMULARIO FÍSICO ADICIONAL |
| Nota de formato físico adicional disponible |
Disponible en formato digital |
| 597 ## - NOTA DE DESCRIPCIÓN FÍSICA |
| NOTA DE DESCRIPCIÓN FÍSICA |
Sign.: [ ]5, [calderón]-2[calderón]4, A4, B7, C-Y4, Z5, [calderón]7. |
| 597 ## - NOTA DE DESCRIPCIÓN FÍSICA |
| NOTA DE DESCRIPCIÓN FÍSICA |
Antep. |
| 599 ## - NOTA A LAS ILUSTRACIONES |
| NOTA A LAS ILUSTRACIONES |
Front. calc.: "Laurenti Aguesca Oscae F." |
| 599 ## - NOTA A LAS ILUSTRACIONES |
| NOTA A LAS ILUSTRACIONES |
Las il. corresponden a h. grabados calc.: "Jan P san fe", numeradas de 21 a 52 y de 222 a 224, no incluidas en signaturas, y según consta en p. 116, realizadas por Lorenzo Aguesca. |
| 650 04 - PUNTO DE ACCESO ADICIONAL DE MATERIA--TÉRMINO DE MATERIA |
| Término de materia o nombre geográfico como elemento de entrada |
Medallas- |
| Subdivisión geográfica |
España. |
| 9 (RLIN) |
141425 |
| 700 1# - ENTRADA AGREGADA--NOMBRE PERSONAL |
| Nombre de persona |
Nogués, Juan. |
| 9 (RLIN) |
85888 |
| Término indicativo de función/relación |
Colaborador |
| 700 1# - ENTRADA AGREGADA--NOMBRE PERSONAL |
| Nombre de persona |
Rajas, Pablo Albinano de. |
| 9 (RLIN) |
95043 |
| Término indicativo de función/relación |
Colaborador |
| 700 1# - ENTRADA AGREGADA--NOMBRE PERSONAL |
| Nombre de persona |
Jiménez de Urrea, Francisco. |
| 9 (RLIN) |
66512 |
| Término indicativo de función/relación |
Colaborador |
| 700 1# - ENTRADA AGREGADA--NOMBRE PERSONAL |
| Nombre de persona |
Andrés de Uztárroz, Juan Francisco, |
| Fechas asociadas al nombre |
1606-1653 |
| Término indicativo de función/relación |
Colaborador |
| 9 (RLIN) |
21601 |
| 852 ## - LOCALIZACIÓN |
| Ubicación |
ES-MaACL |
| Número de control de estantería |
R-3427 |
| Signatura antigua |
G-2867 |
| itemnumber |
165984 |
| Nota libre |
Cotejado con la relación de obras recuperadas expediente robo. |
| -- |
Cambio de signatura. Datos tomados del fichero topográfico R |
| Encuadernación |
Encuadernación en pergamino |
| 856 ## - LOCALIZACIÓN Y ACCESO ELECTRÓNICOS |
| Identificador Uniforme de Recursos |
<a href="https://bivaldi.gva.es/es/consulta/registro.do?id=2839">https://bivaldi.gva.es/es/consulta/registro.do?id=2839</a> |
| Texto de enlace |
Versión en línea |
| Nota pública |
(Biblioteca Valenciana Digital: BIVALDI) |
| 942 ## - ELEMENTOS DE ENTRADA SECUNDARIOS (KOHA) |
| Fuente del sistema de clasificación o colocación |
Clasificación decimal universal |
| Tipo de ítem Koha |
Libro impreso antiguo |
| Suprimir en OPAC |
No |